[Event "FISU World University"]
[Site "Tornelo INT"]
[Date "2020.10.28"]
[Round "9.32"]
[White "Khayat, Emad"]
[Black "Argento, Elizabeth Mariel"]
[Result "0-1"]
[WhiteElo "1525"]
[BlackElo "1767"]
[PlyCount "60"]
[EventDate "2020.10.26"]
[EventType "team-swiss (rapid)"]
[EventRounds "9"]
[EventCountry "NET"]
[SourceTitle "CBM 199 Extra"]
[Source "ChessBase"]
[SourceDate "2021.01.31"]
[SourceVersion "1"]
[SourceVersionDate "2021.01.31"]
[SourceQuality "1"]
[WhiteTeam "Saudi Arabia"]
[BlackTeam "Argentina IV"]
[WhiteTeamCountry "SAU"]
[BlackTeamCountry "ARG"]

1. d4 e6 2. Nf3 d5 3. g3 Nf6 4. Bg2 c5 5. 0-0 Nc6 6. c4 Be7 7. cxd5 exd5 8. dxc5 Bxc5 9. Qc2 Bb6 10. Nc3 0-0 11. Bg5 Be6 12. Rfd1 h6 13. Bxf6 Qxf6 14. a3 Rac8 15. e3 Rfd8 16. Rac1 d4 17. exd4 Nxd4 18. Nxd4 Bxd4 19. Bxb7 Rb8 20. Bg2 Bb3 21. Ne4 Qf5 22. Qd2 Bxd1 23. Rxd1 Bxf2+ 24. Nxf2 Rxd2 25. Rxd2 Qb1+ 26. Nd1 g6 27. h4 Qc1 28. Rd7 Rxb2 29. Kh2 Rxg2+ 30. Kxg2 Qc6+ 0-1